00313nam a2200133Ia 4500100001500000650002000015366000900035654002000044245003700064260004100101082001700142300000800159546001200167 aGarde/R.J  aFluid Mechanics f17.5 afluid mechanics aFluid Mechancis through problems bNew Age Int (P) LtdaMumbaic1997 a532/GARbGAR a632 aENGLISH